00362nam a22001217a 4500082003100000100002300031245006100054250001300115260004100128300002600169526003700195650000800232 a923.15491bJINcL-31, P-62 aJamil-ud-Din Ahmed aSpeeches and writings of Mr. Jinnah/cJamil-ud-Din Ahmed avolume-2 aLahore.bAshraf press Lahore.c1947. a572p.:bill,;c10 cm. a0b0c0d923_154910000000000_JIN aMCE